Propiedad horizontal sujetos obligados a la contribucin̤ de gastos generales /

Detalles Bibliográficos
Autor principal: Muǫz Garca̕, Carmen
Formato: Desconocido
Lenguaje:español
Publicado: [Madrid] : Dykinson, 2005
Materias:
Acceso en línea:Acceso restringido

MARC

LEADER 00000ny a22000003n 4500
005 20110523152053.0
008 080703s2005 sp s 000 0 spa c
020 |a 8497727924 
035 |a 1382 
040 |a UMA.RE  |d vlex 
080 |a 347.238.31(460)(0.034) 
090 |c 182  |d 182 
100 1 |a Muǫz Garca̕, Carmen 
245 1 0 |a Propiedad horizontal  |h [Recurso electrn̤ico]  |b sujetos obligados a la contribucin̤ de gastos generales /  |c Carmen Muǫz Garca̕ 
256 |a Servicio en ln̕ea 
260 |a [Madrid] :  |b Dykinson,  |c 2005 
506 1 |a Contenido solo disponible en los productos indicados  |d vLex Global  |d vLex Global (Academic Edition, excluding Law Schools)  |d vLex Global (U.S. Academic Edition, Law Schools)  |d vLex Global (U.S. Academic Edition, excluding Law Schools)  |d vLex Global (Academic Edition, Law Schools) 
650 0 7 |2 Tesauro vLex  |a Propiedad horizontal 
650 0 7 |2 Tesauro vLex  |a Gastos comunes 
740 0 |a vLex Libros (Servicios en ln̕ea) 
856 4 0 |z Acceso restringido  |u http://vlex.com/source/sujetos-constribucion-gastos-generales-propiedad-horizontal-1382 
942 |c BOOK 
999 0 |a Condominiums--Law and legislation  |b Spain